| 000 | 00558nam a22001937a 4500 | ||
|---|---|---|---|
| 003 | OSt | ||
| 005 | 20140310181717.0 | ||
| 008 | 130124t xxu||||| |||| 00| 0 eng d | ||
| 020 | _a0671871072 | ||
| 050 |
_aHF 1106 _b.D32 1994 |
||
| 100 | _aDavis, Stan | ||
| 245 |
_aThe monster under the bed : _bhow business is mastering the opportunity of knowledge for profit / _cStan Davis and Jim Botkin. |
||
| 260 |
_aNew York : _bSimon & Schuster, _c1994. |
||
| 300 |
_a189 p. : _c22 cm. |
||
| 521 | _aBSBA | ||
| 562 | _e1 | ||
| 942 |
_2lcc _cBK _kFOR |
||
| 999 |
_c1814 _d1814 |
||